| 000 | 00713nam a2200265Ia 4500 | ||
|---|---|---|---|
| 003 | OSt | ||
| 005 | 20220927105901.0 | ||
| 006 | a|||||r|||| 00| 0 | ||
| 007 | ta | ||
| 008 | 220926b |||||||| |||| 00| 0 eng d | ||
| 024 | _a25722 | ||
| 037 | _cReference Collections | ||
| 040 |
_aRTL _cRTL _beng |
||
| 041 |
_2eng _aeng |
||
| 082 | _a"X:533.1(Q7).N6, K6" | ||
| 100 |
_aDupree Louis _9375554 |
||
| 245 | 0 |
_aPakistan _b 1964-66 |
|
| 260 |
_aNew _bYork AUFS _c1966 |
||
| 300 |
_a11p. _ccm. |
||
| 490 | _a"South Asia, series. V.x,8" | ||
| 650 | _a Free Trade | ||
| 650 | _aEconomics | ||
| 942 |
_h"X:533.1(Q7).N6, K6" _cCC |
||
| 999 |
_c695071 _d695071 |
||